[Event "Standard for New Members, July 2006"]
[Site "SchemingMind.com"]
[Date "2006.07.17"]
[Round "-"]
[White "NebAnphu"]
[Black "july"]
[Result "1-0"]
[WhiteCountry "POL"]
[BlackCountry "ARG"]
[WhiteElo "1946"]
[WhiteRD "169"]
[BlackElo "937"]
[BlackRD "118"]
[GameID "60102"]

1. d4 d5 2. Nf3 b5 3. e3 Bd7 4. Bd3 Nc6 5. Bxb5 Bf5 6. Bxc6+ Bd7 7. Bxa8 Qxa8 8. O-O Bf5 9. Nbd2 e6 10. c4 dxc4
11. Qa4+ Ke7 12. Qxc4 c6 13. b3 g5 14. e4 Bxe4 15. Nxe4 Qb7 16. Ba3+ Kd7 17. Bxf8 a5 18. Nc5+ Kc7 19. Nxb7 Kxb7 20. Rac1 h5
21. Qxc6+ Ka7 22. Bc5+ Kb8 23. Bb6 f5 24. Qc7+ Ka8 25. Qa7#
1-0

[Event "Standard for New Members, July 2006"]
[Site "SchemingMind.com"]
[Date "2006.07.17"]
[Round "-"]
[White "brianstromberg"]
[Black "NebAnphu"]
[Result "0-1"]
[WhiteCountry "USA"]
[BlackCountry "POL"]
[WhiteElo "1368"]
[WhiteRD "113"]
[BlackElo "1946"]
[BlackRD "169"]
[GameID "60103"]

1. Nf3 d5 2. d4 Nf6 3. g3 e6 4. Bh3 c5 5. Ne5 Nc6 6. O-O Nxd4 7. e3 Nc6 8. c4 Nxe5 9. b3 dxc4 10. bxc4 Qxd1
11. Rxd1 Nxc4 12. a4 Be7 13. Ba3 Nxa3 14. Rxa3 Bd7 15. g4 Bc6 16. f4 O-O 17. Nc3 Rfd8 18. Rb1 Rd3 19. g5 Ne4 20. Ne2 Rxa3
21. Rc1 Rxe3 22. Bf1 Rd8 23. f5 Bxg5 24. Rb1 exf5 25. a5 Rd6 26. a6 b6 27. Rc1 Rg6 28. Bg2 Rxe2 29. Rd1 Rxg2+ 30. Kxg2 Nc3+
31. Kf1 Nxd1
0-1

[Event "Standard for New Members, July 2006"]
[Site "SchemingMind.com"]
[Date "2006.07.17"]
[Round "-"]
[White "cdmoyer"]
[Black "NebAnphu"]
[Result "0-1"]
[WhiteCountry "USA"]
[BlackCountry "POL"]
[WhiteElo "1232"]
[WhiteRD "145"]
[BlackElo "1800"]
[BlackRD "230"]
[GameID "60104"]

1. d4 d5 2. c4 e5 3. dxe5 d4 4. Nf3 Nc6 5. e3 Bc5 6. Qa4 Ne7 7. Bd3 dxe3 8. Be4 exf2+ 9. Kf1 O-O 10. Bxc6 Qd3#
0-1

[Event "Standard for New Members, July 2006"]
[Site "SchemingMind.com"]
[Date "2006.07.18"]
[Round "-"]
[White "datsmeh"]
[Black "NebAnphu"]
[Result "0-1"]
[WhiteCountry "PHI"]
[BlackCountry "POL"]
[WhiteElo "1657"]
[WhiteRD "139"]
[BlackElo "2061"]
[BlackRD "132"]
[GameID "60106"]

1. Nc3 d5 2. d4 Nf6 3. Bf4 e6 4. Nf3 c5 5. e3 Nc6 6. Nb5 Qa5+ 7. c3 cxd4 8. Nfxd4 e5 9. Nxc6 bxc6 10. b4 Qb6
11. a4 exf4 12. a5 Qd8 13. Nd4 Bd7 14. Bd3 Bd6 15. Qe2 O-O 16. O-O Re8 17. Qf3 Bg4 18. Nxc6 Qc7 19. Qxg4 Nxg4 20. b5 fxe3
21. fxe3 Bxh2+
0-1

[Event "Standard for New Members, July 2006"]
[Site "SchemingMind.com"]
[Date "2006.07.17"]
[Round "-"]
[White "smozar0406"]
[Black "NebAnphu"]
[Result "0-1"]
[WhiteCountry "IND"]
[BlackCountry "POL"]
[WhiteElo "1914"]
[WhiteRD "100"]
[BlackElo "2092"]
[BlackRD "122"]
[GameID "60107"]

1. e4 d5 2. exd5 Nf6 3. c4 e6 4. dxe6 Bxe6 5. d4 Bb4+ 6. Nc3 Ne4 7. Qd3 Bf5 8. Bd2 O-O 9. Nxe4 Bxe4 10. Qb3 Bxd2+
11. Kxd2 Qxd4+ 12. Kc1 Rd8 13. Nf3 Bxf3 14. Qxf3 Qd2+ 15. Kb1 Qd1+ 16. Qxd1 Rxd1+ 17. Kc2 Rxa1 18. a3 Nd7 19. g3 Re8 20. Bg2 Rxh1
21. Bxh1 c6 22. Kd2 f5 23. b4 Kf7 24. Bg2 Ne5 25. c5 Nc4+ 26. Kd3 Nxa3 27. Bf3 Kf6 28. Kc3 Rd8 29. Kb2 Nb5 30. Kc1 Ke5
31. Be2 g5 32. Kc2 Nd4+ 33. Kd3 Nxe2+ 34. Kxe2 Rd4 35. Kf3 Rxb4
0-1